000 00534nam a2200217Ia 4500
008 101110s9999 xx 000 0 und d
041 _aENGLISH
082 _bSR33167
100 _aBhattacharya S.S.
245 _aZoology Vol. II SYBSC
260 _c2010
_bSheth publishres, Mumbai
300 _a336
365 _b180
520 _aBiology/Zoology
546 _aENGLISH
630 _aZoology Vol. II SYBSC
650 _aBiology/Zoology
655 _aBiology/Zoology
730 _aZoology Vol. II SYBSC
942 _cBOOK
999 _c825668
_d825665